|
|
|
|
| LEADER |
00000nam a22000007a 4500 |
| 005 |
20110824131735.0 |
| 008 |
110824t2008 bl |s|||| 00| 0 por d |
| 035 |
|
|
|a 5687
|
| 040 |
|
|
|a vLex
|
| 090 |
|
|
|c 2259
|d 2259
|
| 100 |
1 |
|
|a Pires Fincato, Denise
|
| 245 |
1 |
0 |
|a A pesquisa jurd̕ica sem mistřios :
|c Denise Pires Fincato
|h [Recurso electrn̤ico]
|b Do projeto de pesquisa ̉banca /
|
| 256 |
|
|
|a Servicio en ln̕ea.
|
| 260 |
|
|
|a [Brasil] :
|b Novatez,
|c 2008.
|
| 500 |
|
|
|a Este livro estuda a metodologia da pesquisa de uma forma didt̀ica e realista, dando noė̳s absolutamente importantes no tocante ̉escolha do tema, delimitaȯ̂ do objeto, realizaȯ̂ da pesquisa, etc. A obra ̌importante tanto para os acadm̊icos, que tm̊ a missô de realizar trabalhos de conclusô de curso, quanto para aqueles que pretendam realizar pesquisas em sede de cursos de ps̤-graduaȯ̂ lato sensu ou stricto sensu.
|
| 506 |
1 |
|
|a Contenido solo disponible en los productos indicados
|d vLex Global
|d vLex Global (Academic Edition, excluding Law Schools)
|d vLex Global (U.S. Academic Edition, Law Schools)
|d vLex Global (U.S. Academic Edition, excluding Law Schools)
|d vLex Global (Academic Edition, Law Schools)
|
| 650 |
0 |
4 |
|a Derecho
|x Investigacin̤
|
| 650 |
0 |
4 |
|a Bancos
|
| 740 |
0 |
|
|a vLex Libros (Servicio en ln̕ea)
|
| 856 |
4 |
0 |
|u http://vlex.com/source/pesquisa-juridica-5687
|z Acceso restringido
|
| 942 |
|
|
|c BOOK
|